000 00895nam a2200217Ii 4500
003 JO-AjNU
008 230605s9999||||xx |||||||||||||| ||und||
017 _a2000/3/160
040 _aJO-AjNU
_bara
_erda
_cJO-AjNU
041 _aara
050 1 4 _aDT95.5.J9264 2000
100 3 _aجبران، نعمان محمود، م.مشارك العمادي، محمد حسن عبد الكريم,
_eauthor
_910106
245 0 0 _aدراسات في تاريخ الايوبيين والمماليك
250 _aط1
264 3 1 _aاربد: مؤسسة حمادة للخدمات والدراسات الجامعية، 2000
300 _a400ص
_bيشتمل على ملاحق من(365-377)
336 _atext
_btxt
_2rdacontent
337 _aunmediated
_bn
_2rdamedia
338 _avolume
_bnc
_2rdacarrier
650 4 _aالدويلات الاسلامية-تاريخ، الايوبيين والمماليك
_910107
999 _aA1639
_c5207
_d5207